|
|
|
|
| LEADER |
01670nam a2200433Ia 4500 |
| 001 |
EBC3018848 |
| 003 |
MiAaPQ |
| 005 |
20200520144314.0 |
| 006 |
m o d | |
| 007 |
cr cn||||||||| |
| 008 |
091210s2010 nyua sb 001 0 eng d |
| 010 |
|
|
|z 2009051299
|
| 020 |
|
|
|z 9781611227727
|
| 020 |
|
|
|z 9781608768363
|
| 020 |
|
|
|z 1608768368
|
| 035 |
|
|
|a (MiAaPQ)EBC3018848
|
| 035 |
|
|
|a (Au-PeEL)EBL3018848
|
| 035 |
|
|
|a (CaPaEBR)ebr10661787
|
| 035 |
|
|
|a (OCoLC)832605702
|
| 040 |
|
|
|a MiAaPQ
|c MiAaPQ
|d MiAaPQ
|
| 050 |
|
4 |
|a DS644.5
|b .I533 2010
|
| 082 |
0 |
4 |
|a 959.8039
|2 21
|
| 245 |
0 |
4 |
|a The Indonesian journey
|h [electronic resource] :
|b a nation's quest for democracy, stability, and prosperity /
|c Thang D. Nguyen, editor.
|
| 260 |
|
|
|a New York :
|b Nova Science Publishers,
|c c2010.
|
| 300 |
|
|
|a xxiii, 255 p. :
|b ill.
|
| 490 |
1 |
|
|a Asian political, economic and security issues
|
| 504 |
|
|
|a Includes bibliographical references and index.
|
| 533 |
|
|
|a Electronic reproduction. Ann Arbor, MI : ProQuest, 2015. Available via World Wide Web. Access may be limited to ProQuest affiliated libraries.
|
| 650 |
|
0 |
|a National security
|z Indonesia.
|
| 650 |
|
0 |
|a Democracy
|z Indonesia.
|
| 650 |
|
0 |
|a Political stability
|z Indonesia.
|
| 651 |
|
0 |
|a Indonesia
|x Politics and government
|y 1998-
|
| 651 |
|
0 |
|a Indonesia
|x Economic conditions
|y 1997-
|
| 651 |
|
0 |
|a Indonesia
|x Foreign relations.
|
| 655 |
|
4 |
|a Electronic books.
|
| 700 |
1 |
|
|a Nguyen, Thang D.,
|d 1971-
|
| 710 |
2 |
|
|a ProQuest (Firm)
|
| 830 |
|
0 |
|a Asian political, economic and security issues.
|
| 856 |
4 |
0 |
|u https://ebookcentral.proquest.com/lib/matrademy/detail.action?docID=3018848
|z Click to View
|